| 000 | 00491nam a22001817a 4500 | ||
|---|---|---|---|
| 005 | 20240920133101.0 | ||
| 008 | 240918b |||||||| |||| 00| 0 eng d | ||
| 020 | _a978-93-87483-20-0 | ||
| 041 | _aeng | ||
| 082 | _a610.01 | ||
| 100 |
_aAKILA, DR..R.M AND UTTEKAR, DR, PRAVIN _98524 |
||
| 245 | _aCOMPUTER APPLICATIONS IN PHARMACY | ||
| 250 | _aRE. PRINT ED. , 2023. | ||
| 260 |
_aLUCKNOW _bTHAKUR PUBLICATION PVT.LTD |
||
| 300 | _a168;P | ||
| 650 |
_aPHARMACY _xB.PHARMA |
||
| 942 | _cBK | ||
| 999 |
_c8653 _d8651 |
||